Privatizace pod lupou.
Údaje o počte posúdených privatizačných projektov. Najväčší rozsah privatizácie zaznamenali podniky privatizované formou účastinnej spoločnosti. Na druhom mieste je bezplatný prevod majetku do rúk miest a obcí. Priamy predaj majetku určeným vlastníkom bol schválený približne u 15 perc. podnikov. Kup...
Salvato in:
| Autore principale: | |
|---|---|
| Natura: | Capitolo di libro |
| Lingua: | ceco |
| Soggetti: | |
| Tags: |
Nessun Tag, puoi essere il primo ad aggiungerne!!
|
MARC
| LEADER | 00000naa a2200000 4500 | ||
|---|---|---|---|
| 001 | r008474 | ||
| 005 | 20220831090229.5 | ||
| 041 | 0 | |a cze | |
| 044 | |a [CS] | ||
| 245 | 1 | 0 | |a Privatizace pod lupou. |c Eva Klvačová |
| 520 | |a Údaje o počte posúdených privatizačných projektov. Najväčší rozsah privatizácie zaznamenali podniky privatizované formou účastinnej spoločnosti. Na druhom mieste je bezplatný prevod majetku do rúk miest a obcí. Priamy predaj majetku určeným vlastníkom bol schválený približne u 15 perc. podnikov. Kupónová privatizácia bola schválená u časti podnikov ako jediná, u ďalšej časti ako čiastková účasť. Charakteristika metód, ktoré dopĺňajú kupónovú privatizáciu účastinných spoločností. | ||
| 610 | 2 | 0 | |a privatizácia |
| 610 | 2 | 0 | |a projekty |
| 610 | 2 | 0 | |a spoločnosti akciové |
| 610 | 2 | 0 | |a Čechy |
| 610 | 2 | 0 | |a predaj priamy |
| 100 | 1 | |a Klvačová, Eva | |